Handbook of industrial engineering
Na minha lista:
| Autor principal: | |
|---|---|
| Formato: | Livro |
| Idioma: | inglês |
| Publicado em: |
Nueva York
John Wiley
1982
|
| Assuntos: | |
| Tags: |
Adicionar Tag
Sem tags, seja o primeiro a adicionar uma tag!
|
MARC
| LEADER | 00000nam a2200000 a 4500 | ||
|---|---|---|---|
| 001 | UCY2182 | ||
| 003 | CL-VaPUC | ||
| 008 | 941014e19820000US |||||||||||||||||eng|d | ||
| 082 | 0 | 4 | |a 658.5 |b SAL |2 21 |
| 100 | 0 | |a Salvendy, Gabriel |e author |9 330223 | |
| 245 | 1 | 0 | |a Handbook of industrial engineering |
| 942 | |c BK | ||
| 945 | |d 19941014 00:00:00 |a mfernand | ||
| 260 | |a Nueva York |b John Wiley |c 1982 | ||
| 650 | 7 | |a INGENIERIA INDUSTRIA MANUALES |2 CL-VaPUC |9 330224 | |
| 583 | |a last modification |c 19941014 00:00:00 |k Rodrigo Vera | ||
| 999 | |c 230659 |d 230657 | ||